000 00679nam a2200193Ia 4500
008 151119s9999||||xx |||||||||||||| ||und||
082 _a926.58
082 _bGKKV13677
100 _aलाला रुसी
245 _aजे.आर.डी. टाटा यांच्याशी सुखसंवाद
260 _a--
260 _b--
260 _c1997
600 _aलाला रुसी
630 _aजे.आर.डी. टाटा यांच्याशी सुखसंवाद
700 _aलाला रुसी
730 _aजे.आर.डी. टाटा यांच्याशी सुखसंवाद
942 _cBOOK
999 _c1067291
_d1067288